000 01340naa a22003737a 4500
001 BR7904999
003 BR-BrBNA
005 20240918174425.0
007 ta
008 230509b bl.||||| |||| 00| 0 por d
040 _aBR-BrBNA
_bpor
_cBiblioteca Nacional de Agricultura
041 _a(Es)
072 _aL72; L73; E15
_b5212
_b4020
_b4140
_b7300
090 _aL72 BR7904999
100 1 _aMateus, V.G.
111 1 _a1. Seminario Nacional sobre Parasitoses dos Bovinos
_cCampo Grande, MS (Brazil)
_d23 Jul 1979
245 1 _aDermatobiosis [Bovino; Bos taurus; Berne; Controle quimico; Controle biologico; Produtividade; Dermatobia hominis]
260 3 _aCampo Grande, MS (Brasil):
_c1979.
500 _aAnais do 1. Seminario Nacional sobre Parasitoses do Bovinos Campo Grande, MS (Brasil): 1979. p. 315-329 (BR7904999-AM)L72
650 _aPraga de animal
650 _aDoenca animal
650 _aMicroeconomia
650 _aBovino
650 _aMosca
650 _aDermatobiose
650 _aLarva
650 _aBerne
650 _aControle quimico
650 _aControle biologico
650 _aCusto-beneficio
773 0 _tAnais do 1. Seminario Nacional sobre Parasitoses do Bovinos
_wL72 BR7904999
_gCampo Grande, MS (Brasil), 1979. p. 315-329
909 _a202404
_bLucia
_c55
_dLucia Elande
942 _cAM
_2AGRIS
999 _c311146
_d311146